000 00359pam a2200157a 44500
008 230515b2001 xxu||||| |||| 00| 0 eng d
020 _aNULL
041 _aENGLISH
082 _a0
100 _aBAPHANA R M
245 _aDISCRETE STRUCTURES & GRADH THEORY
250 _a0
260 _a
_bTECHNOVA PUBLICTIONS
_c2001
300 _a8.12P
650 _aNULL
999 _c593507
_d593507